[Event "Bratislava Doprastav op"]
[Site "Bratislava"]
[Date "1998.??.??"]
[Round "4"]
[White "Feiler, Peter"]
[Black "Lukac, Peter"]
[Result "1-0"]
[WhiteElo "1745"]
[BlackElo "1790"]
[PlyCount "61"]
[EventDate "1998.??.??"]
[EventType "swiss"]
[EventRounds "9"]
[EventCountry "SVK"]
[SourceTitle "EXT 1999"]
[Source "ChessBase"]
[SourceDate "1998.11.16"]
[SourceVersion "1"]
[SourceVersionDate "1998.11.16"]
[SourceQuality "1"]

1. d4 d5 2. c4 Nf6 3. Nf3 e6 4. e3 c5 5. dxc5 Bxc5 6. cxd5 Nxd5 7. Bc4 Bb4+ 8. Bd2 Bxd2+ 9. Qxd2 0-0 10. Bxd5 Qxd5 11. Qxd5 exd5 12. 0-0 Nc6 13. h3 h6 14. Nc3 Be6 15. Rfd1 Rfd8 16. Rd2 a6 17. Rad1 Ne7 18. e4 Rac8 19. exd5 Bf5 20. g4 Bd7 21. Ne5 Be8 22. d6 Rc5 23. f4 f6 24. Nd3 Rxc3 25. dxe7 Rdxd3 26. Rxd3 Rxd3 27. Rxd3 Kf7 28. Re3 Bc6 29. f5 Bb5 30. h4 g5 31. fxg6+ 1-0

[Event "Bratislava Doprastav op"]
[Site "Bratislava"]
[Date "1998.??.??"]
[Round "1"]
[White "Lukac, Peter"]
[Black "Kujovic, Michal"]
[Result "0-1"]
[WhiteElo "1790"]
[BlackElo "2280"]
[PlyCount "68"]
[EventDate "1998.??.??"]
[EventType "swiss"]
[EventRounds "9"]
[EventCountry "SVK"]
[SourceTitle "EXT 1999"]
[Source "ChessBase"]
[SourceDate "1998.11.16"]
[SourceVersion "1"]
[SourceVersionDate "1998.11.16"]
[SourceQuality "1"]

1. d4 d5 2. c4 e6 3. Nc3 Nf6 4. Bg5 Nbd7 5. Nf3 c6 6. e3 Qa5 7. Bxf6 Nxf6 8. Nd2 Bd6 9. Be2 0-0 10. 0-0 a6 11. c5 Bb8 12. g3 e5 13. Bf3 e4 14. Bg2 Qc7 15. h3 h5 16. Ne2 h4 17. f4 exf3 18. Rxf3 hxg3 19. Nf4 b6 20. b4 a5 21. a3 Bf5 22. Nf1 Be4 23. Rxg3 Qe7 24. Bxe4 Qxe4 25. Qf3 axb4 26. cxb6 Rxa3 27. Rxa3 bxa3 28. Qxe4 Nxe4 29. Rg2 Bd6 30. Rc2 Rb8 31. Rxc6 Bxf4 32. exf4 a2 33. Rc1 Rxb6 34. Ra1 Nc3 0-1